Hướng dẫn ôn thi đại học môn hóa học : Lý thuyết và phương pháp giải toán hóa vô cơ /
Liên kết hóa học; Cách áp dụng tính chất cơ bản của hỗn hợp đồng nhất và định luật thành phần không đổi; Định luật bảo toàn nguyên tố và khối lượng..
Bewaard in:
| Hoofdauteur: | |
|---|---|
| Formaat: | Boek |
| Taal: | Vietnamese |
| Gepubliceerd in: |
Tp.HCM :
Nxb. Tổng hợp Tp.HCM,
2004.
|
| Onderwerpen: | |
| Tags: |
Voeg label toe
Geen labels, Wees de eerste die dit record labelt!
|
| Thư viện lưu trữ: | Mạng thư viện Đại học Đà Nẵng |
|---|
| LEADER | 01589cam a2200361 a 4500 | ||
|---|---|---|---|
| 001 | 000044388 | ||
| 003 | 2762 | ||
| 005 | 20060413091318.0 | ||
| 008 | 010220b2004 vm 000 vie | ||
| 020 | |c 27000 | ||
| 040 | |a LRC |b LRC |d LRC | ||
| 041 | 0 | |a vie | |
| 082 | 1 | 4 | |a 546 |b NG-T |
| 100 | 1 | |a Nguyễn Phước Hòa Tân. | |
| 245 | 1 | 0 | |a Hướng dẫn ôn thi đại học môn hóa học : |b Lý thuyết và phương pháp giải toán hóa vô cơ / |c Nguyễn Phước Hòa Tân. |
| 260 | |a Tp.HCM : |b Nxb. Tổng hợp Tp.HCM, |c 2004. | ||
| 300 | |a 384 tr. : |b mh. ; |c 20,5 cm. | ||
| 500 | |a Nâng cao trình độ học sinh yếu kém; Bồi dưỡng học sinh giỏi; Lý thuyết cơ bản; Các phương pháp giải toán hóa; Bài tập trắc nghiệm và tự luận; Giải đề thi đại học. | ||
| 520 | 3 | |a Liên kết hóa học; Cách áp dụng tính chất cơ bản của hỗn hợp đồng nhất và định luật thành phần không đổi; Định luật bảo toàn nguyên tố và khối lượng.. | |
| 630 | 0 | 4 | |a Hóa học. |
| 650 | 0 | 4 | |a Hóa vô cơ. |
| OWN | |a DUT | ||
| AVA | |a UDN50 |b DUT |c Book |d 546 NG-T |e available |t Error 5001 Not defined in file expand_doc_bib_avail. |f 5 |g 0 |h N |i 1 |j SH |k 1 | ||
| 999 | |a From the UDN01 | ||
| AVA | |a UDN50 |b DUT |c Book |d 546 NG-T |e available |t Error 5001 Not defined in file expand_doc_bib_avail. |f 5 |g 0 |h N |i 1 |j SH |k 1 | ||
| TYP | |a Monograph | ||
| TYP | |a Printed language | ||
| 980 | |a Mạng thư viện Đại học Đà Nẵng | ||